000 00656cam a22002293a 4500
001 6912
003 PGUSA
005 20140828083138.0
008 041101s2004||||xxu|||||s|||||000 | eng d
040 _aPGUSA
_beng
042 _adc
050 4 _aTX
100 1 _aGreer, Carlotta C.
_q(Carlotta Cherryholmes),
_d1879-1965
245 1 0 _aSchool and Home Cooking
_h[electronic resource] /
_cCarlotta C. Greer
260 _bProject Gutenberg,
_c2004
506 _aPublic domain in the USA.
516 _aElectronic text
653 _aCooking, American
830 0 _aProject Gutenberg
_v6912
856 4 0 _uhttp://www.gutenberg.org/ebooks/6912
942 _cEB
999 _c236232
_d236232